Explorador le monde diplomatique : japón /

Guardado en:
Autor Principal: Muñoz, Creusa
Otros Autores: Natanson, José; comp.
Formato: Libro
Publicado: Buenos Aires : Capital Intelectual, 2014
Series:Segunda Serie; 3
Materias:
Etiquetas: Agregar Etiqueta
Sin Etiquetas, Sea el primero en etiquetar este registro!
LEADER 00982nam a22002415a 4500
001 CEM.cems014448
005 20140717173233.0
008 130507s2014##################000#0#####d
003 CEMS
020 |a 9789876144452 
082 0 4 |a 910.3 
100 1 |a Muñoz, Creusa 
245 1 0 |a Explorador le monde diplomatique :  |b japón /  |c Creusa Muñoz ... y Otros ; compilado Por José Natanson 
260 |a Buenos Aires :  |b Capital Intelectual,  |c 2014 
300 |a 88 p. 
490 0 |a Segunda Serie; 3 
505 0 |a Introducción: El pacifismo armado -- El sueño imperialista: lo pasado -- Derrumbe y reconstrucción: Japón hacia adentro -- La puja nacionalista: Japón hacia afuera -- Traumatismos de posguerra: lo vivido, lo pensado, lo imaginado -- En la trampa del Pacífico: lo que vendrá 
653 |a Geografía 
653 |a Historia 
653 |a Economía 
653 |a Japón 
700 1 |a Natanson, José; comp. 
859 |a CEMS  |b BIB. CEMS - 11 de abril  |h 910.3  |i N191-5  |p 27008.14  |t Ej.1